HUMAN DEVELOPMENT REPORT 2009 OVERCOMING BARRIES; (Record no. 9435)

MARC details
000 -LEADER
fixed length control field 01683cam a2200457 a 4500
001 - CONTROL NUMBER
control field 17336800
003 - CONTROL NUMBER IDENTIFIER
control field OSt
005 - DATE AND TIME OF LATEST TRANSACTION
control field 20260430095421.0
008 - FIXED-LENGTH DATA ELEMENTS--GENERAL INFORMATION
fixed length control field 120608s2011 ii ab bs s000 0 eng
010 ## - LIBRARY OF CONGRESS CONTROL NUMBER
LC control number 2012354516
020 ## - INTERNATIONAL STANDARD BOOK NUMBER
International Standard Book Number 0230239043
025 ## - OVERSEAS ACQUISITION NUMBER
Overseas acquisition number I-E-2012-354516; 68-15
035 ## - SYSTEM CONTROL NUMBER
System control number 17336800
037 ## - SOURCE OF ACQUISITION
Source of stock number/acquisition Library of Congress -- New Delhi Overseas Office
040 ## - CATALOGING SOURCE
Original cataloging agency DLC
Transcribing agency IRDP
Modifying agency DLC
042 ## - AUTHENTICATION CODE
Authentication code lcode
-- pcc
043 ## - GEOGRAPHIC AREA CODE
Geographic area code a-ii---
050 00 - LIBRARY OF CONGRESS CALL NUMBER
Classification number HN690.N3
Item number D57 2011
082 ## - DEWEY DECIMAL CLASSIFICATION NUMBER
Classification number 304.82 UND
100 ## - MAIN ENTRY--PERSONAL NAME
Personal name UNDP
245 00 - TITLE STATEMENT
Title HUMAN DEVELOPMENT REPORT 2009 OVERCOMING BARRIES;
Statement of responsibility, etc. UNDPNEW
Remainder of title HUMAN MOBILITY AND DEVELOPMENT
260 ## - PUBLICATION, DISTRIBUTION, ETC. (IMPRINT)
Place of publication, distribution, etc. NWE YORK:
Name of publisher, distributor, etc. UNDP
Date of publication, distribution, etc. 2009
300 ## - PHYSICAL DESCRIPTION
Extent 3 v. :
Other physical details col. ill., col. maps ;
Dimensions 28 cm.
336 ## - CONTENT TYPE
Content type term text
Content type code txt
Source rdacontent
337 ## - MEDIA TYPE
Media type term unmediated
Media type code n
Source rdamedia
338 ## - CARRIER TYPE
Carrier type term volume
Carrier type code nc
Source rdacarrier
500 ## - GENERAL NOTE
General note Includes statistical tables.
504 ## - BIBLIOGRAPHY, ETC. NOTE
Bibliography, etc Includes bibliographical references.
505 0# - FORMATTED CONTENTS NOTE
Formatted contents note [1] Kohima -- [2] Mon -- [3] Phek.
530 ## - ADDITIONAL PHYSICAL FORM AVAILABLE NOTE
Additional physical form available note Also available via the World Wide Web.
650 #0 - SUBJECT ADDED ENTRY--TOPICAL TERM
Topical term or geographic name as entry element Social indicators
Geographic subdivision India
-- Nāgāland.
650 #0 - SUBJECT ADDED ENTRY--TOPICAL TERM
Topical term or geographic name as entry element Economic indicators
Geographic subdivision India
-- Nāgāland.
650 #0 - SUBJECT ADDED ENTRY--TOPICAL TERM
Topical term or geographic name as entry element Quality of life
Geographic subdivision India
-- Nāgāland
Form subdivision Statistics.
655 #7 - INDEX TERM--GENRE/FORM
Genre/form data or focus term Statistics.
Source of term lcgft
Authority record control number https://id.loc.gov/authorities/genreForms/gf2014026181
710 1# - ADDED ENTRY--CORPORATE NAME
Corporate name or jurisdiction name as entry element Nāgāland (India).
Subordinate unit Planning and Co-ordination Department.
710 2# - ADDED ENTRY--CORPORATE NAME
Corporate name or jurisdiction name as entry element GOI-UNDP Project Strengthening of State Plans for Human Development.
906 ## - LOCAL DATA ELEMENT F, LDF (RLIN)
a 7
b cbc
c origode
d 3
e ncip
f 20
g y-gencatlg
942 ## - ADDED ENTRY ELEMENTS (KOHA)
Source of classification or shelving scheme Dewey Decimal Classification
Koha item type BOOKS
Holdings
Withdrawn status Lost status Source of classification or shelving scheme Damaged status Not for loan Home library Current library Date acquired Total Checkouts Full call number Barcode Date last seen Price effective from Koha item type
    Dewey Decimal Classification     Dodoma Dodoma 30/04/2026   304.82 UND LIB002905 30/04/2026 30/04/2026 BOOKS

IRDP © 2021 :: Managed by ICT Team